[Event "O2C Doeberl Cup 2019"]
[Site "Canberra"]
[Date "2019.04.19"]
[Round "3.1"]
[White "Tao, Trevor"]
[Black "Smirnov, Anton"]
[Result "1/2-1/2"]
[WhiteElo "2364"]
[BlackElo "2567"]
[Annotator "RC"]
[PlyCount "74"]
[EventDate "2019.04.17"]
[EventType "swiss"]
[EventCountry "AUS"]
[SourceTitle "playchess.com"]
[Source "ChessBase"]
[SourceQuality "1"]
[TimeControl "5400+30"]

1. c4 {[%emt 0:00:00]} e5 {[%emt 0:00:00]} 2. Nc3 {[%emt 0:00:00]} Nf6 {[%emt 0:00:00]} 3. Nf3 {[%emt 0:00:00]} Nc6 {[%emt 0:00:00]} 4. e4 {[%emt 0:00:00]} Bb4 {[%emt 0:17:50]} 5. d3 {[%emt 0:00:00]} d6 {[%emt 0:01:44]} 6. Be2 {[%emt 0:00:00]} h6 {[%emt 0:04:29]} 7. O-O {[%emt 0:01:38]} Bxc3 {[%emt 0:01:39]} 8. bxc3 {[%emt 0:00:04]} O-O {[%emt 0:00:06]} 9. Ne1 {[%emt 0:13:56]} Nh7 {[%emt 0:07:49]} 10. Nc2 {[%emt 0:02:47]} Ne7 {[%emt 0:06:07]} 11. f4 {[%emt 0:07:52]} exf4 {[%emt 0:05:53]} 12. Bxf4 {[%emt 0:01:06]} f5 {[%emt 0:00:11]} 13. exf5 {[%emt 0:01:01]} Nxf5 {[%emt 0:00:18]} 14. Rb1 {[%emt 0:04:27]} Rb8 {[%emt 0:03:11]} 15. Bf3 {[%emt 0:01:40]} Nf6 {[%emt 0:05:10]} 16. Nb4 {[%emt 0:04:58]} Bd7 {[%emt 0:01:20]} 17. Nd5 {[%emt 0:09:23]} Bc6 {[%emt 0:07:21]} 18. Qe1 {[%emt 0:00:49]} Nxd5 {[%emt 0:01:36]} 19. cxd5 {[%emt 0:00:11]} Bd7 {[%emt 0:00:08]} 20. Rb4 {[%emt 0:03:08]} Qf6 {[%emt 0:09:31]} 21. Be4 {[%emt 0:04:24]} Ne7 {[%emt 0:01:42]} 22. Rf2 {[%emt 0:06:44]} Bf5 {[%emt 0:02:54]} 23. Be3 {[%emt 0:03:22]} b6 {[%emt 0:02:50]} 24. Bxf5 {[%emt 0:07:39]} Nxf5 {[%emt 0:00:07]} 25. Re4 {[%emt 0:00:05]} Qg6 {[%emt 0:00:40]} 26. Bd2 {[%emt 0:00:39]} Rf6 {[%emt 0:02:23]} 27. c4 {[%emt 0:02:03]} Rbf8 {[%emt 0:00:51]} 28. Bc3 {[%emt 0:00:22]} R6f7 {[%emt 0:00:08]} 29. Ref4 {[%emt 0:00:51]} Ne7 {[%emt 0:02:04]} 30. Rxf7 {[%emt 0:00:56]} Rxf7 {[%emt 0:00:01]} 31. Qe6 {[%emt 0:03:36]} Kf8 {[%emt 0:05:17]} 32. Qxg6 {[%emt 0:03:49]} Nxg6 {[%emt 0:02:12]} 33. g3 {[%emt 0:00:04]} Rxf2 {[%emt 0:02:15]} 34. Kxf2 {[%emt 0:00:04]} Kf7 {[%emt 0:00:58]} 35. Ke3 {[%emt 0:00:24]} Nf8 {[%emt 0:01:33]} 36. Kf4 {[%emt 0:01:16]} Nd7 {[%emt 0:00:06]} 37. Bd4 {[%emt 0:00:08]} Nf8 {[%emt 0:01:15]} 1/2-1/2

[Event "O2C Doeberl Cup 2019"]
[Site "Canberra"]
[Date "2019.04.19"]
[Round "3.2"]
[White "McClymont, Brodie"]
[Black "Johansen, Darryl K"]
[Result "0-1"]
[WhiteElo "2360"]
[BlackElo "2364"]
[Annotator "ChessBase"]
[PlyCount "42"]
[EventDate "2019.04.17"]
[EventType "swiss"]
[EventCountry "AUS"]
[SourceTitle "playchess.com"]
[Source "ChessBase"]
[SourceQuality "1"]
[TimeControl "5400+30"]

1. e4 {[%emt 0:00:00]} c5 {[%emt 0:00:01]} 2. Nf3 {[%emt 0:00:00]} d6 {[%emt 0:01:08]} 3. d4 {[%emt 0:00:04]} cxd4 {[%emt 0:00:06]} 4. Nxd4 {[%emt 0:00:04]} Nf6 {[%emt 0:00:12]} 5. Nc3 {[%emt 0:00:04]} Bd7 {[%emt 0:00:09]} 6. Bg5 {[%emt 0:01:02]} e6 {[%emt 0:00:34]} 7. Ndb5 {[%emt 0:09:05]} Bc6 {[%emt 0:00:35]} 8. Bxf6 {[%emt 0:01:59]} gxf6 {[%emt 0:00:06]} 9. Qh5 {[%emt 0:00:55]} a6 {[%emt 0:00:35]} 10. Nd4 {[%emt 0:01:45]} Qb6 {[%emt 0:01:32]} 11. Nxe6 {[%emt 0:14:40]} Qxb2 {[%emt 0:02:39]} 12. Kd2 {[%emt 0:00:05]} Qxa1 {[%emt 0:05:34]} 13. Nc7+ {[%emt 0:00:42]} Kd8 {[%emt 0:01:01]} 14. Nxa8 {[%emt 0:02:49]} Nd7 {[%emt 0:03:31]} 15. Qa5+ {[%emt 0:00:43]} Ke7 {[%emt 0:00:43]} 16. Nc7 {[%emt 0:09:04]} Bh6+ {[%emt 0:00:32]} 17. Ke2 {[%emt 0:00:05]} Rc8 {[%emt 0:07:48]} 18. N3d5+ {[%emt 0:05:58]} Bxd5 {[%emt 0:01:17]} 19. Nxd5+ {[%emt 0:00:54]} Kf8 {[%emt 0:04:26]} 20. Kf3 {[%emt 0:04:56]} f5 {[%emt 0:06:52]} 21. exf5 {[%emt 0:08:25]} Qe5 {[%emt 0:01:51]} 0-1

[Event "O2C Doeberl Cup 2019"]
[Site "Canberra"]
[Date "2019.04.19"]
[Round "3.3"]
[White "Padmini, Rout"]
[Black "Xie, George Wendi"]
[Result "1-0"]
[WhiteElo "2364"]
[BlackElo "2359"]
[Annotator "ChessBase"]
[PlyCount "57"]
[EventDate "2019.04.17"]
[EventType "swiss"]
[EventCountry "AUS"]
[SourceTitle "playchess.com"]
[Source "ChessBase"]
[SourceQuality "1"]
[TimeControl "5400+30"]

1. Nf3 {[%emt 0:00:00]} Nf6 {[%emt 0:00:07]} 2. g3 {[%emt 0:00:00]} c5 {[%emt 0:03:21]} 3. Bg2 {[%emt 0:00:12]} b6 {[%emt 0:00:03]} 4. Ne5 {[%emt 0:03:52]} d5 {[%emt 0:00:11]} 5. c4 {[%emt 0:00:36]} Qd6 {[%emt 0:18:16]} 6. d4 {[%emt 0:13:02]} cxd4 {[%emt 0:00:07]} 7. Qxd4 {[%emt 0:00:46]} Nbd7 {[%emt 0:00:23]} 8. Nxd7 {[%emt 0:02:13]} Bxd7 {[%emt 0:00:03]} 9. cxd5 {[%emt 0:01:58]} e5 {[%emt 0:00:05]} 10. Qd3 {[%emt 0:00:52]} Qb4+ {[%emt 0:10:43]} 11. Nc3 {[%emt 0:00:23]} Bc5 {[%emt 0:00:03]} 12. O-O {[%emt 0:00:21]} O-O {[%emt 0:00:04]} 13. a3 {[%emt 0:06:48]} Qd4 {[%emt 0:00:07]} 14. Qc2 {[%emt 0:01:04]} Qc4 {[%emt 0:02:30]} 15. Bg5 {[%emt 0:10:10]} Rac8 {[%emt 0:01:03]} 16. Bxf6 {[%emt 0:01:16]} gxf6 {[%emt 0:00:01]} 17. Be4 {[%emt 0:01:13]} Bd4 {[%emt 0:22:07]} 18. Rac1 {[%emt 0:12:18]} Bxc3 {[%emt 0:07:25]} 19. bxc3 {[%emt 0:00:08]} Kg7 {[%emt 0:00:17]} 20. Rfd1 {[%emt 0:05:39]} Ba4 {[%emt 0:00:06]} 21. Qb1 {[%emt 0:01:41]} Bxd1 {[%emt 0:00:20]} 22. Rxd1 {[%emt 0:00:06]} Qxe2 {[%emt 0:08:24]} 23. Bd3 {[%emt 0:00:06]} Qf3 {[%emt 0:01:26]} 24. c4 {[%emt 0:00:05]} f5 {[%emt 0:02:49]} 25. d6 {[%emt 0:03:50]} e4 {[%emt 0:01:38]} 26. Qb2+ {[%emt 0:00:11]} Kg6 {[%emt 0:05:56]} 27. Be2 {[%emt 0:00:14]} Rxc4 {[%emt 0:00:29]} 28. Bxf3 {[%emt 0:00:11]} exf3 {[%emt 0:00:03]} 29. Qb3 {[%emt 0:00:10]} 1-0

[Event "O2C Doeberl Cup 2019"]
[Site "Canberra"]
[Date "2019.04.19"]
[Round "3.4"]
[White "Melkumyan, Hrant"]
[Black "Puccini, Jack"]
[Result "1/2-1/2"]
[WhiteElo "2658"]
[BlackElo "2261"]
[Annotator "TA"]
[PlyCount "104"]
[EventDate "2019.04.17"]
[EventType "swiss"]
[EventCountry "AUS"]
[SourceTitle "playchess.com"]
[Source "ChessBase"]
[SourceQuality "1"]

{[%evp 9,104,27,58,20,20,10,41,0,6,0,-6,-13,0,2,26,-14,1,-30,-32,-23,-24,-58,-51,-52,-62,-47,-35,-40,-33,-22,-22,-22,9,15,36,30,40,49,45,24,41,33,43,30,20,33,29,20,43,38,31,0,0,-8,-8,-8,-8,-27,0,0,0,0,0,0,0,0,0,0,0,0,0,0,0,0,0,0,0,0,0,0,0,0,0,0,0,0,0,0,0,-8,0,-8,0,0,0,0,0]} 1. e4 d5 2. exd5 Qxd5 3. Nc3 Qd8 4. d4 Nf6 5. Bf4 c6 6. Qd2 {B01: Scandinavian Defence} Bf5 7. Nge2 h6 8. f3 $146 {White is slightly better.} ({Predecessor:} 8. Ng3 Bh7 9. Be2 e6 10. a3 Bd6 11. Bxd6 Qxd6 12. f4 Nbd7 {1-0 (47) Vasiukov,E (2414)-Anguera Maestro,J (2090) Eretria 2015}) 8... e6 9. h4 Bh7 10. g4 Nd5 11. Nxd5 Qxd5 12. Bg2 Nd7 13. Be3 O-O-O 14. O-O Qc4 15. Rac1 Bb4 16. c3 Be7 17. h5 Qd3 18. Rfd1 Qxd2 19. Rxd2 Nb6 {[#] aiming for ...Nc4.} 20. c4 $1 c5 21. f4 cxd4 22. Nxd4 Bc5 23. a3 a5 24. b4 axb4 25. axb4 Bxb4 26. Rb2 Ba3 27. Rxb6 Bxc1 28. Bxb7+ Kd7 29. Bc6+ ({Reject} 29. Bxc1 Kc7 $11) 29... Kc8 $1 30. Bb7+ Kd7 31. Bxc1 Kc7 $1 {[%csl LRb6,LRd4][%mdl 64] [#] Discovered Attack} 32. c5 $1 Rxd4 33. Bf3 Be4 (33... Rd3 $5 {[%cal Rd3f3]} 34. Kf2 Rb8 $15) 34. Bb2 {The position is equal.} Rhd8 (34... Bxf3 {keeps more tension.} 35. Bxd4 f6 36. Rxe6 Rd8 37. Re7+ Rd7) 35. Bxd4 Rxd4 36. Kf2 Bxf3 37. Kxf3 $11 {[%mdl 4096] Endgame KR-KR} Ra4 38. Rb5 Ra3+ 39. Ke4 Ra4+ 40. Kf3 Ra3+ 41. Kf2 Ra2+ 42. Kg3 Ra3+ 43. Kg2 Ra2+ 44. Kg3 Ra3+ 45. Kf2 Ra2+ 46. Ke3 Ra3+ 47. Ke4 Ra4+ 48. Kf3 Ra3+ 49. Ke2 Ra2+ 50. Kd3 Ra3+ 51. Kc4 Rf3 52. Ra5 Rxf4+ {Accuracy: White = 52%, Black = 61%.} 1/2-1/2

[Event "O2C Doeberl Cup 2019"]
[Site "Canberra"]
[Date "2019.04.19"]
[Round "3.5"]
[White "Sengupta, Deep"]
[Black "Clarke, Matthew"]
[Result "1-0"]
[WhiteElo "2551"]
[BlackElo "2113"]
[Annotator "TA"]
[PlyCount "63"]
[EventDate "2019.04.17"]
[EventType "swiss"]
[EventCountry "AUS"]
[SourceTitle "playchess.com"]
[Source "ChessBase"]
[SourceQuality "1"]

{[%evp 15,63,4,29,30,51,7,8,0,0,-5,35,44,65,60,64,68,68,64,64,62,63,62,68,40,52,35,35,40,75,47,46,44,145,144,142,134,127,142,135,141,188,197,204,210,270,270,262,247,242,245]} 1. e4 c5 2. Nf3 d6 3. c3 Nf6 4. h3 g6 5. Bd3 Bg7 6. O-O O-O 7. Bc2 Nc6 8. Re1 Qc7 9. d4 {B50: Sicilian: 2...d6, Miscellaneous} e5 10. dxc5 (10. d5 $5 {[%cal Rd5c6]} Ne7 11. c4 $14) 10... dxc5 11. Be3 {The position is equal.} b6 12. a4 $146 ({Predecessor:} 12. Qe2 h6 13. a4 Be6 14. Na3 Rad8 15. Rad1 Na5 16. Rxd8 Rxd8 {1-0 (73) Liou,Y (2387)-Drogovoz,I (2073) Paracin 2014}) 12... c4 13. Na3 Na5 14. Nb5 Qe7 15. Qd6 Qxd6 $1 16. Nxd6 Ne8 17. Nxc8 Rxc8 18. Rad1 $36 {[%mdl 2048] White has good play.} Nc7 19. Rd7 Rfd8 20. Red1 Rxd7 $1 21. Rxd7 {aiming for Ng5.} h6 22. Bd1 Kf8 $1 23. Ne1 Ke8 (23... h5 $1 $14) 24. Bg4 $16 h5 25. Rxf7 $1 {[%mdl 64] Discovered Attack} Kxf7 26. Bxc8 Ke7 {[#] Black wants to play ...Kd8.} 27. h4 $1 Kd8 28. Bh3 Bf8 29. Nf3 Bd6 30. g3 Ke7 31. Nd2 Ne6 {[#]} 32. Bf1 $1 {Accuracy: White = 84%, Black = 43%.} 1-0

[Event "O2C Doeberl Cup 2019"]
[Site "Canberra"]
[Date "2019.04.19"]
[Round "3.6"]
[White "Song, Raymond"]
[Black "Kunte, Abhijit"]
[Result "1-0"]
[WhiteElo "2329"]
[BlackElo "2485"]
[Annotator "ChessBase"]
[PlyCount "91"]
[EventDate "2019.04.17"]
[EventType "swiss"]
[EventCountry "AUS"]
[SourceTitle "playchess.com"]
[Source "ChessBase"]
[SourceQuality "1"]
[TimeControl "5400+30"]

1. e4 {[%emt 0:00:00]} c5 {[%emt 0:00:11]} 2. Nf3 {[%emt 0:00:00]} e6 {[%emt 0:00:00]} 3. d4 {[%emt 0:00:00]} cxd4 {[%emt 0:00:00]} 4. Nxd4 {[%emt 0:00:00]} a6 {[%emt 0:00:10]} 5. c4 {[%emt 0:00:00]} Nf6 {[%emt 0:00:04]} 6. Nc3 {[%emt 0:00:00]} Qc7 {[%emt 0:00:08]} 7. a3 {[%emt 0:00:13]} b6 {[%emt 0:01:06]} 8. Be3 {[%emt 0:00:06]} Bb7 {[%emt 0:00:26]} 9. f3 {[%emt 0:00:05]} Be7 {[%emt 0:00:33]} 10. Rc1 {[%emt 0:00:46]} O-O {[%emt 0:01:12]} 11. Be2 {[%emt 0:00:07]} d6 {[%emt 0:01:56]} 12. O-O {[%emt 0:00:05]} Nbd7 {[%emt 0:00:08]} 13. b4 {[%emt 0:00:07]} Rac8 {[%emt 0:03:20]} 14. Qd2 {[%emt 0:00:08]} Qb8 {[%emt 0:01:12]} 15. Kh1 {[%emt 0:00:05]} Rfe8 {[%emt 0:01:43]} 16. Rc2 {[%emt 0:00:05]} h5 {[%emt 0:02:34]} 17. Bf2 {[%emt 0:00:05]} Ne5 {[%emt 0:08:03]} 18. Na4 {[%emt 0:01:08]} Nfd7 {[%emt 0:01:20]} 19. Rfc1 {[%emt 0:05:03]} h4 {[%emt 0:01:58]} 20. h3 {[%emt 0:00:26]} Ng6 {[%emt 0:03:28]} 21. Nb3 {[%emt 0:02:28]} Bc6 {[%emt 0:00:46]} 22. b5 {[%emt 0:01:22]} Ba8 {[%emt 0:05:47]} 23. bxa6 {[%emt 0:05:44]} Qa7 {[%emt 0:03:38]} 24. Rb2 {[%emt 0:25:20]} Nge5 {[%emt 0:30:04]} 25. Na5 {[%emt 0:05:34]} Rb8 {[%emt 0:07:11]} 26. Rcb1 {[%emt 0:05:12]} Nc5 {[%emt 0:07:09]} 27. Nxb6 {[%emt 0:00:12]} Qxa6 {[%emt 0:00:06]} 28. Nd5 {[%emt 0:02:29]} Bg5 {[%emt 0:09:50]} 29. Qxg5 {[%emt 0:02:49]} Rxb2 {[%emt 0:00:10]} 30. Nf6+ {[%emt 0:03:13]} Kf8 {[%emt 0:00:05]} 31. Rxb2 {[%emt 0:07:11]} gxf6 {[%emt 0:00:30]} 32. Qd2 {[%emt 0:00:04]} Ng6 {[%emt 0:03:33]} 33. Rb5 {[%emt 0:01:41]} Kg7 {[%emt 0:05:25]} 34. Bf1 {[%emt 0:02:43]} e5 {[%emt 0:00:00]} 35. Qb4 {[%emt 0:03:04]} Qc8 {[%emt 0:01:34]} 36. Nb3 {[%emt 0:02:48]} Bc6 {[%emt 0:00:09]} 37. Ra5 {[%emt 0:00:55]} f5 {[%emt 0:01:03]} 38. exf5 {[%emt 0:06:46]} Qxf5 {[%emt 0:00:13]} 39. Nxc5 {[%emt 0:02:55]} dxc5 {[%emt 0:00:03]} 40. Rxc5 {[%emt 0:00:17]} Bxf3 {[%emt 0:01:04]} 41. Kg1 {[%emt 0:04:35]} Be4 {[%emt 0:01:37]} 42. Qe1 {[%emt 0:01:09]} Re6 {[%emt 0:00:22]} 43. Bxh4 {[%emt 0:01:40]} Nf4 {[%emt 0:00:09]} 44. Kh2 {[%emt 0:01:34]} Nxh3 {[%emt 0:01:21]} 45. gxh3 {[%emt 0:01:54]} Rg6 {[%emt 0:00:30]} 46. Qd1 {[%emt 0:01:15]} 1-0

[Event "O2C Doeberl Cup 2019"]
[Site "Canberra"]
[Date "2019.04.19"]
[Round "3.7"]
[White "Richards, Heather S"]
[Black "Bjelobrk, Igor"]
[Result "0-1"]
[WhiteElo "2240"]
[BlackElo "2386"]
[Annotator "TA"]
[PlyCount "48"]
[EventDate "2019.04.17"]
[EventType "swiss"]
[EventCountry "AUS"]
[SourceTitle "playchess.com"]
[Source "ChessBase"]
[SourceQuality "1"]

{[%evp 9,48,0,0,0,0,0,0,-10,1,1,3,-47,-10,-18,-13,-22,-15,-79,-31,-64,-84,-78,-89,-210,-195,-540,-520,-531,-532,-831,-518,-1754,-1750,-1657,-1664,-29990,-29991,-29995,-29995,-29996,-29996]} 1. e4 e5 2. Nc3 Nc6 3. g3 Bc5 4. Bg2 d6 5. Nge2 f5 (5... a6 6. d3 Nge7 7. h3 O-O 8. Nd5 Nxd5 9. exd5 Nd4 10. Be3 Nxe2 11. Qxe2 Bxe3 12. fxe3 Qg5 13. Qf3 f5 14. O-O-O Bd7 {0-1 (31) Hou,Y (2652)-Caruana,F (2802) chess.com INT 2017}) 6. d3 {C25: Vienna Game: Alternatives to 2...Nf6} Nf6 7. O-O fxe4 8. dxe4 {The position is equal.} Be6 9. Na4 $146 ({Predecessor:} 9. Nd5 Qd7 10. Be3 Bxe3 11. fxe3 O-O 12. c4 Ne7 13. Qd3 {½-½ (73) Perez Mitjans,O (2457)-Teske,H (2538) Navalmoral 2011}) 9... O-O 10. c3 Qe8 11. Nxc5 dxc5 12. Be3 b6 13. h3 (13. f3 $11) 13... Rd8 14. Qc2 Qh5 $1 $36 {[%mdl 2048] Black is really pushing.} 15. h4 Bc4 16. Rfe1 (16. f3 $17) 16... Ng4 $19 17. Bg5 $2 {[#]} (17. Rad1 {is more resistant.}) 17... Rxf2 {White must now prevent ...h6.} 18. Bh3 Rdf8 19. Qd1 {intending Nf4.} Nh2 {Strongly threatening ...Qf3!} 20. g4 (20. Nf4 $142 Qxd1 21. Rexd1 Rxb2 22. Ng2 Nf3+ 23. Kh1 Nxg5 24. hxg5) 20... Nf3+ {[%mdl 64] [#] Double Attack} 21. Kxf2 Nxg5+ {[%mdl 64] Discovered Attack} 22. Kg2 Qxh4 {Black mates.} 23. Ng1 Rf2+ {[%mdl 64] Double Attack} 24. Kh1 Nxh3 {Accuracy: White = 35%, Black = 74%.} 0-1

[Event "O2C Doeberl Cup 2019"]
[Site "Canberra"]
[Date "2019.04.19"]
[Round "3.8"]
[White "Goh, Ethan"]
[Black "Lane, Gary W"]
[Result "0-1"]
[WhiteElo "1871"]
[BlackElo "2357"]
[Annotator "NA"]
[PlyCount "106"]
[EventDate "2019.04.17"]
[EventType "swiss"]
[EventCountry "AUS"]
[SourceTitle "playchess.com"]
[Source "ChessBase"]
[SourceQuality "1"]
[TimeControl "5400+30"]

1. d4 {[%emt 0:00:00]} f5 {[%emt 0:00:00]} 2. g3 {[%emt 0:00:33]} Nf6 {[%emt 0:00:03]} 3. Bg2 {[%emt 0:00:17]} g6 {[%emt 0:00:38]} 4. Nf3 {[%emt 0:01:10]} Bg7 {[%emt 0:00:34]} 5. O-O {[%emt 0:00:10]} O-O {[%emt 0:00:20]} 6. c4 {[%emt 0:00:10]} d6 {[%emt 0:00:18]} 7. Nc3 {[%emt 0:00:31]} Nc6 {[%emt 0:00:08]} 8. d5 {[%emt 0:03:21]} Na5 {[%emt 0:00:04]} 9. Nd2 {[%emt 0:01:26]} c5 {[%emt 0:01:09]} 10. a3 {[%emt 0:02:45]} Bd7 {[%emt 0:04:52]} 11. Rb1 {[%emt 0:02:15] A89: Dutch Defence: Leningrad System: 5 Nf3 0-0 6 0-0 d6 7 Nc3 Nc6} Rc8 {[%emt 0:01:35]} (11... a6 12. Qc2 Qc7 13. b3 b5 14. Bb2 Rab8 15. e3 Kh8 16. Ne2 bxc4 17. bxc4 g5 18. Bc3 h6 {1-0 (38) Batchuluun,T (2513)-Ebeling,D (2468) Baku 2016}) 12. e3 $146 {[%emt 0:02:46]} ({Predecessor:} 12. b3 a6 13. a4 Rb8 14. Qc2 b5 15. axb5 axb5 16. cxb5 Bxb5 17. b4 cxb4 18. Rxb4 Bd7 {½-½ (37) Zierke,O (2300)-Papenbrock,V (2188) Corfu 2007}) 12... a6 {[%emt 0:06:21]} (12... e5 $11) 13. Qe2 {[%emt 0:04:34]} Qe8 {[%emt 0:04:20]} 14. Re1 {[%emt 0:04:47]} b5 {[%emt 0:04:46]} 15. b3 {[%emt 0:07:44]} Rb8 {[%emt 0:09:48]} 16. b4 {[%emt 0:02:55]} cxb4 {[%emt 0:08:38]} 17. axb4 {[%emt 0:00:30]} Nxc4 {[%emt 0:02:53]} 18. Nxc4 {[%emt 0:00:21]} Rc8 {[%emt 0:01:05]} 19. Nxd6 {[%emt 0:03:17]} exd6 {[%emt 0:00:16]} 20. Bd2 {[%emt 0:00:56]} Ng4 {[%emt 0:03:06]} 21. Rb3 {[%emt 0:00:24]} Rc7 {[%emt 0:04:42]} 22. f4 {[%emt 0:05:48]} (22. Rc1 $142) 22... Qc8 {[%emt 0:04:31]} 23. Qd3 {[%emt 0:00:47]} Re8 {[%emt 0:00:12]} 24. Bf3 {[%emt 0:04:43]} Nf6 {[%emt 0:03:21]} 25. Kg2 {[%emt 0:00:15] [#]} ({Better is} 25. Qb1 $15) 25... Rc4 {[%emt 0:02:48]} (25... Ne4 $142 $1 {[%cal Re4d2][%mdl 512]} 26. Ne2 (26. Nxe4 fxe4) 26... Nxd2 27. Qxd2 Rc2) 26. Ra1 {[%emt 0:05:47] [#]} (26. Ne2 $17) 26... Ne4 $1 {[%emt 0:01:34]} 27. Raa3 {[%emt 0:00:16] [#]} a5 $1 {[%emt 0:05:57]} 28. Ne2 {[%emt 0:04:57]} a4 {[%emt 0:03:56]} 29. Rb1 {[%emt 0:01:51]} Nxd2 {[%emt 0:02:13]} 30. Qxd2 {[%emt 0:01:21]} Rc2 {[%emt 0:00:26]} 31. Qd3 {[%emt 0:01:24] [#]} Bb2 {[%emt 0:03:50]} (31... Re4 $142 $1 {[%mdl 512]} 32. Kh3 (32. Bxe4 fxe4) 32... Bb2) 32. Ra2 {[%emt 0:00:09]} a3 $1 {[%emt 0:00:13]} 33. Rxa3 {[%emt 0:01:22]} Bxa3 34. Qxa3 {[%emt 0:00:07]} Qc4 {[%emt 0:01:32]} 35. Kf2 {[%emt 0:01:30]} Ra2 {[%emt 0:00:44]} 36. Qb3 {[%emt 0:02:03]} Rc8 {[%emt 0:03:50]} 37. Qd1 {[%emt 0:02:39]} Qc2 {[%emt 0:00:40]} 38. Qe1 {[%emt 0:00:20]} Rc4 {[%emt 0:04:01]} 39. h4 {[%emt 0:01:13]} h5 $19 40. Ra1 {[%emt 0:00:30]} Qa4 41. Rb1 {[%emt 0:00:30]} Qa3 42. Qd1 {[%emt 0:00:30]} Qa4 {[%emt 0:04:58]} 43. Qe1 {[%emt 0:01:16]} Qa3 {[%emt 0:03:06]} 44. Qd1 {[%emt 0:00:45]} Rxb4 {[%emt 0:02:09]} 45. Rc1 {[%emt 0:01:33]} Rc4 {[%emt 0:00:05]} 46. Rxc4 {[%emt 0:00:10]} bxc4 {[%emt 0:00:13]} 47. Qd4 {[%emt 0:00:05]} Qc5 {[%emt 0:00:21]} 48. Qf6 {[%emt 0:00:21]} Be8 {[%emt 0:00:05]} 49. Qe7 {[%emt 0:11:51]} Bf7 {[%emt 0:00:11]} 50. Kg1 {[%emt 0:00:06]} c3 {[%emt 0:00:58]} 51. Qd8+ {[%emt 0:01:01]} Kg7 {[%emt 0:00:07]} 52. Nd4 {[%emt 0:00:04]} c2 {[%emt 0:03:07]} 53. Nxf5+ {[%emt 0:00:34]} Kh7 {[%emt 0:00:05]} 0-1

[Event "O2C Doeberl Cup 2019"]
[Site "Canberra"]
[Date "2019.04.19"]
[Round "4.1"]
[White "Johansen, Darryl K"]
[Black "Padmini, Rout"]
[Result "1/2-1/2"]
[WhiteElo "2364"]
[BlackElo "2364"]
[Annotator "TA"]
[PlyCount "61"]
[EventDate "2019.04.17"]
[EventType "swiss"]
[EventCountry "AUS"]
[SourceTitle "playchess.com"]
[Source "ChessBase"]
[SourceQuality "1"]

{[%evp 14,61,53,28,34,34,24,23,37,39,37,28,36,0,50,3,3,3,4,4,9,0,0,0,3,3,3,3,5,5,4,4,4,4,5,0,0,0,16,16,23,0,2,0,16,0,10,0,16,0]} 1. Nf3 Nf6 2. c4 g6 3. Nc3 d5 4. cxd5 Nxd5 5. e4 Nxc3 6. dxc3 Qxd1+ 7. Kxd1 Bg4 8. Bf4 c6 {A16: English Opening: 1...Nf6 with ...d5} 9. Kc2 Bxf3 10. gxf3 Nd7 {White has an edge.} 11. Rd1 e6 12. Be3 h5 13. f4 Bh6 14. e5 $146 ({You set blue moves yourself with the critical opening position annotation.:} 14. Bh3 O-O-O 15. a4 a5 16. b4 axb4 17. cxb4 {½-½ (40) Klein,D (2445)-Kovchan,A (2579) Wijk aan Zee 2013}) 14... O-O-O 15. Be2 Kc7 16. c4 Nb6 17. b3 Rxd1 18. Rxd1 Rd8 (18... Ra8 {NOTEXT-190} 19. Bf3 a5 20. Be2 Rh8 21. Bd2 Ra8) 19. Rxd8 Kxd8 $11 {[%mdl 4096] General book An&L&L-An&L&W} 20. Kd3 Bf8 21. Kc3 Kc7 22. b4 {[%cal Bb3b4,Bb4b5][%mdl 32]} Nc8 23. a4 b6 24. b5 Ne7 25. Bf3 c5 26. Kd3 Nf5 27. h3 Be7 {The position is equal.} 28. Be4 Bf8 29. Bf3 Be7 30. Be4 Bf8 31. Bf3 {NOTEXT-4805: Tournament = 46%, Annotator = 73%.} 1/2-1/2

[Event "O2C Doeberl Cup 2019"]
[Site "Canberra"]
[Date "2019.04.19"]
[Round "4.2"]
[White "Smirnov, Anton"]
[Black "Lane, Gary W"]
[Result "1-0"]
[WhiteElo "2567"]
[BlackElo "2357"]
[Annotator "RC"]
[PlyCount "77"]
[EventDate "2019.04.17"]
[EventType "swiss"]
[EventCountry "AUS"]
[SourceTitle "playchess.com"]
[Source "ChessBase"]
[SourceQuality "1"]
[TimeControl "5400+30"]

1. e4 {[%emt 0:00:00]} e5 {[%emt 0:00:00]} 2. Nf3 {[%emt 0:00:00]} Nc6 {[%emt 0:00:00]} 3. Bb5 {[%emt 0:00:00]} a6 {[%emt 0:00:00]} 4. Ba4 {[%emt 0:00:00]} Nge7 {[%emt 0:01:41]} 5. c3 {[%emt 0:00:08]} g6 {[%emt 0:00:14]} 6. d4 {[%emt 0:00:06]} exd4 {[%emt 0:00:15]} 7. cxd4 {[%emt 0:00:04]} b5 {[%emt 0:00:05]} 8. Bc2 {[%emt 0:00:10]} Bg7 {[%emt 0:06:02]} 9. O-O {[%emt 0:04:38]} O-O {[%emt 0:00:55]} 10. d5 {[%emt 0:01:20]} Na5 {[%emt 0:00:29]} 11. Nc3 {[%emt 0:10:12]} d6 {[%emt 0:02:40]} 12. Rb1 {[%emt 0:06:44]} c5 {[%emt 0:06:07]} 13. dxc6 {[%emt 0:00:43]} Naxc6 {[%emt 0:02:39]} 14. Bg5 {[%emt 0:02:43]} h6 {[%emt 0:04:23]} 15. Bh4 {[%emt 0:00:31]} Bg4 {[%emt 0:07:11]} 16. h3 {[%emt 0:01:18]} Bxf3 {[%emt 0:03:02]} 17. Qxf3 {[%emt 0:00:05]} Nd4 {[%emt 0:00:06]} 18. Qd1 {[%emt 0:00:48]} Qd7 {[%emt 0:20:22]} 19. Bb3 {[%emt 0:04:15]} Kh8 {[%emt 0:02:05]} 20. Nd5 {[%emt 0:09:06]} Nxd5 {[%emt 0:05:04]} 21. Bxd5 {[%emt 0:00:08]} Rac8 {[%emt 0:00:28]} 22. f3 {[%emt 0:01:22]} f5 {[%emt 0:01:42]} 23. Bf2 {[%emt 0:01:02]} Ne6 {[%emt 0:02:15]} 24. Qd2 {[%emt 0:04:40]} fxe4 {[%emt 0:07:31]} 25. Bxe4 {[%emt 0:00:27]} Nf4 {[%emt 0:01:38]} 26. Be3 {[%emt 0:05:44]} g5 {[%emt 0:06:13]} 27. Rbd1 {[%emt 0:10:42]} Be5 {[%emt 0:01:40]} 28. Bd4 {[%emt 0:00:58]} Qg7 {[%emt 0:07:25]} 29. Bxe5 {[%emt 0:01:40]} dxe5 {[%emt 0:00:44]} 30. Qd6 {[%emt 0:01:55]} h5 {[%emt 0:03:08]} 31. Qxa6 {[%emt 0:00:58]} g4 {[%emt 0:00:43]} 32. hxg4 {[%emt 0:04:10]} hxg4 {[%emt 0:02:25]} 33. Rd6 {[%emt 0:06:52]} Qg5 {[%emt 0:00:18]} 34. Rh6+ {[%emt 0:00:19]} Kg8 {[%emt 0:00:27]} 35. Kh1 {[%emt 0:05:01]} gxf3 {[%emt 0:01:48]} 36. g3 {[%emt 0:02:17]} Qxg3 {[%emt 0:02:04]} 37. Rh8+ {[%emt 0:00:17]} Kf7 {[%emt 0:00:04]} 38. Qb7+ {[%emt 0:00:13]} Kf6 {[%emt 0:02:01]} 39. Rh6+ {[%emt 0:00:07]} 1-0